Field and laboratory investigations of meteorites from Victoria Land and the Thiel Mountains Region, Antarctica, 1982-1983 and 1983-1984
Saved in:
| Main Authors: | , |
|---|---|
| Format: | Bog |
| Sprog: | engelsk |
| Udgivet: |
Washington, D.C
Smithsonian Institution
1989
|
| Serier: | Smithsonian Contributions to the Earth Sciences, 28
|
| Fag: | |
| Tags: |
Tilføj Tag
Ingen Tags, Vær først til at tagge denne postø!
|
MARC
| LEADER | 00000nam a2200000 a 4500 | ||
|---|---|---|---|
| 001 | UCL7378 | ||
| 003 | CL-VaPUC | ||
| 008 | 040520e19890000US |||||||||||||||||eng|d | ||
| 082 | 0 | 4 | |a 523.51 |b MAR |2 21 |
| 100 | |a Marvin, Ursula B. |e autora |9 485248 | ||
| 700 | 0 | |a MacPherson, Glenn J |e author |9 485249 | |
| 245 | 1 | 0 | |a Field and laboratory investigations of meteorites from Victoria Land and the Thiel Mountains Region, Antarctica, 1982-1983 and 1983-1984 |
| 300 | |a 146 p | ||
| 942 | |c BK | ||
| 945 | |d 20040520 00:00:00 |a cmena | ||
| 260 | |a Washington, D.C |b Smithsonian Institution |c 1989 | ||
| 650 | 7 | |a METEORITOS |2 CL-VaPUC |9 485250 | |
| 650 | 0 | |a Asteroides |9 262166 | |
| 650 | 7 | |a CUERPOS CELESTES |2 CL-VaPUC |9 310384 | |
| 651 | 0 | |a Antártica (Antártida) |9 324088 | |
| 583 | |a last modification |c 20040520 00:00:00 |k Rodrigo Vera | ||
| 490 | 0 | |a Smithsonian Contributions to the Earth Sciences, 28 | |
| 999 | |c 309159 |d 309157 | ||